[Event "CZE-chT2F 2223"]
[Site "Czech Republic"]
[Date "2022.12.04"]
[Round "4"]
[White "Warchol, Kamil"]
[Black "Slanina, Miroslav"]
[Result "1/2-1/2"]
[WhiteElo "2164"]
[BlackElo "2138"]
[PlyCount "28"]
[EventDate "2022.10.16"]
[EventType "team-tourn"]
[EventRounds "11"]
[EventCountry "CZE"]
[SourceTitle "EXT 2024"]
[Source "ChessBase"]
[SourceDate "2023.10.10"]
[SourceVersion "1"]
[SourceVersionDate "2023.10.10"]
[SourceQuality "1"]
[WhiteTeam "Hostalkova II"]
[BlackTeam "Dobra Sokol"]
[WhiteTeamCountry "CZE"]
[BlackTeamCountry "CZE"]

1. e4 c6 2. c4 e5 3. Nf3 d6 4. d4 Nd7 5. Nc3 Ngf6 6. Bd3 Be7 7. 0-0 0-0 8. h3 a6 9. b3 Re8 10. Re1 Bf8 11. a3 Qc7 12. Bb2 b5 13. Bf1 Bb7 14. Qc2 Rac8 1/2-1/2

[Event "CZE-chT2F 2122"]
[Site "Czech Republic"]
[Date "2022.01.30"]
[Round "7.4"]
[White "Slanina, Miroslav"]
[Black "Tichy, Miroslav2222"]
[Result "1-0"]
[WhiteElo "2114"]
[BlackElo "1900"]
[PlyCount "68"]
[EventDate "2021.10.17"]
[EventType "team-tourn"]
[EventRounds "11"]
[EventCountry "CZE"]
[SourceTitle "EXT 2024"]
[Source "ChessBase"]
[SourceDate "2023.10.10"]
[SourceVersion "1"]
[SourceVersionDate "2023.10.10"]
[SourceQuality "1"]
[WhiteTeam "Dobra Sokol"]
[BlackTeam "Prostejov"]
[WhiteTeamCountry "CZE"]
[BlackTeamCountry "CZE"]

1. d4 Nf6 2. Nf3 d5 3. Bf4 c6 4. e3 e6 5. Nbd2 Bd6 6. Ne5 b5 7. Bd3 Qc7 8. c3 Nbd7 9. Ndf3 0-0 10. 0-0 Ne4 11. Bxe4 dxe4 12. Nxd7 Bxd7 13. Bxd6 Qxd6 14. Nd2 f5 15. Nb3 Rf6 16. f4 exf3 17. Qxf3 e5 18. Nc5 e4 19. Qf4 Qxf4 20. Rxf4 Bc8 21. a4 a5 22. Ra3 Kf7 23. Rf1 Be6 24. axb5 cxb5 25. Rfa1 a4 26. b3 Bd5 27. bxa4 bxa4 28. Rxa4 Rxa4 29. Rxa4 f4 30. c4 Bc6 31. Ra7+ Kg6 32. d5 Be8 33. Nxe4 Rf8 34. exf4 Rxf4 1-0

[Event "CZE-chT2F 2122"]
[Site "Czech Republic"]
[Date "2021.11.07"]
[Round "2.4"]
[White "Slanina, Miroslav"]
[Black "Kucera, Tomas2222"]
[Result "1-0"]
[WhiteElo "2114"]
[BlackElo "1906"]
[PlyCount "59"]
[EventDate "2021.10.17"]
[EventType "team-tourn"]
[EventRounds "11"]
[EventCountry "CZE"]
[SourceTitle "EXT 2024"]
[Source "ChessBase"]
[SourceDate "2023.10.10"]
[SourceVersion "1"]
[SourceVersionDate "2023.10.10"]
[SourceQuality "1"]
[WhiteTeam "Dobra Sokol"]
[BlackTeam "Dolni Benesov"]
[WhiteTeamCountry "CZE"]
[BlackTeamCountry "CZE"]

1. d4 Nf6 2. Nf3 g6 3. Bf4 Bg7 4. e3 0-0 5. h3 b6 6. Be2 Bb7 7. 0-0 d6 8. c3 Nbd7 9. a4 a5 10. Bh2 e6 11. Na3 Ne4 12. Nb5 Ndf6 13. Rc1 Qe7 14. Qc2 h5 15. Bd3 g5 16. g4 hxg4 17. hxg4 c6 18. Na3 d5 19. Ne5 Nd6 20. f3 Nd7 21. Bg3 Bxe5 22. dxe5 Ne8 23. Qh2 f5 24. exf6 Nexf6 25. Bd6 Qg7 26. Bxf8 Rxf8 27. Qd6 Nc5 28. Be2 Qd7 29. Qe5 Nh7 30. Nc2 1-0

[Event "CZE-chT2F 1415"]
[Site "Czech Republic"]
[Date "2015.02.22"]
[Round "8.24"]
[White "Svancara, Petr"]
[Black "Slanina, Miroslav"]
[Result "0-1"]
[WhiteElo "2080"]
[BlackElo "2135"]
[PlyCount "81"]
[EventDate "2014.11.02"]
[EventType "team-tourn"]
[EventRounds "11"]
[EventCountry "CZE"]
[SourceTitle "EXT 2022"]
[Source "ChessBase"]
[SourceDate "2021.10.06"]
[SourceVersion "1"]
[SourceVersionDate "2021.10.06"]
[SourceQuality "1"]
[WhiteTeam "Grygov II"]
[BlackTeam "Dobra"]
[WhiteTeamCountry "CZE"]
[BlackTeamCountry "CZE"]

1. d4 d5 2. Nf3 Nf6 3. Bg5 Ne4 4. Bf4 Bf5 5. e3 e6 6. Nbd2 Bd6 7. Bxd6 cxd6 8. c3 0-0 9. Be2 Nd7 10. 0-0 h6 11. Re1 Qb6 12. Qb3 Rfc8 13. Nxe4 Bxe4 14. Nd2 Bg6 15. Bg4 Rc6 16. e4 dxe4 17. Bxe6 fxe6 18. Qxe6+ Kh7 19. Qxd7 Qxb2 20. Nb3 Rf8 21. Rf1 Rf7 22. Qd8 Qxc3 23. d5 Ra6 24. Rac1 Qf6 25. Rc8 Qxd8 26. Rxd8 Rf6 27. Nd4 Bf7 28. Nb5 Bxd5 29. Nc7 Ra5 30. Rd1 Bc6 31. R8xd6 Rxd6 32. Rxd6 Rxa2 33. h4 Ra5 34. Re6 Rh5 35. g3 a5 36. Rd6 a4 37. Ne6 a3 38. Rd8 Ra5 39. h5 a2 40. Nf8+ Kg8 41. Ng6+ 0-1

[Event "CZE-chT2F 1415"]
[Site "Czech Republic"]
[Date "2014.11.16"]
[Round "2.54"]
[White "Sikorova, Olga"]
[Black "Slanina, Miroslav"]
[Result "1/2-1/2"]
[WhiteElo "2282"]
[BlackElo "2135"]
[PlyCount "112"]
[EventDate "2014.11.02"]
[EventType "team-tourn"]
[EventRounds "11"]
[EventCountry "CZE"]
[SourceTitle "EXT 2022"]
[Source "ChessBase"]
[SourceDate "2021.10.06"]
[SourceVersion "1"]
[SourceVersionDate "2021.10.06"]
[SourceQuality "1"]
[WhiteTeam "Trinec II"]
[BlackTeam "Dobra"]
[WhiteTeamCountry "CZE"]
[BlackTeamCountry "CZE"]

1. e4 c6 2. Nc3 d5 3. Nf3 Bg4 4. h3 Bh5 5. exd5 cxd5 6. Bb5+ Nc6 7. g4 Bg6 8. d4 e6 9. Ne5 Rc8 10. h4 f6 11. Bxc6+ bxc6 12. Nxg6 hxg6 13. Qd3 Kf7 14. Be3 Bb4 15. a3 Qa5 16. Bd2 Ne7 17. Ke2 Bxc3 18. Bxc3 Qb5 19. Qxb5 cxb5 20. Kd3 Nc6 21. f4 a5 22. Bd2 Ra8 23. a4 b4 24. Rae1 Rac8 25. Re2 Ne7 26. Rh3 Rc6 27. Be1 Rhc8 28. h5 gxh5 29. Rxh5 f5 30. gxf5 Nxf5 31. Reh2 Rc4 32. c3 b3 33. Rh8 Rxh8 34. Rxh8 Rxa4 35. Rb8 Ra1 36. Bd2 a4 37. c4 dxc4+ 38. Kxc4 a3 39. bxa3 Rxa3 40. Rb7+ Kf6 41. Rb6 Kf7 42. d5 exd5+ 43. Kxd5 Ra2 44. Bc3 Ne7+ 45. Ke5 Re2+ 46. Kd4 Rf2 47. Rxb3 Rxf4+ 48. Ke5 Ng6+ 49. Kd5 Ne7+ 50. Ke5 Rf5+ 51. Ke4 g6 52. Rb7 Ke6 53. Rb6+ Kf7 54. Rb7 Ke6 55. Rb6+ Kd7 56. Rb7+ Ke6 1/2-1/2

[Event "CZE-chT2F 1213"]
[Site "Czech Republic"]
[Date "2013.02.03"]
[Round "8.12"]
[White "Banasik, Krzysztof"]
[Black "Slanina, Miroslav"]
[Result "1/2-1/2"]
[WhiteElo "2281"]
[BlackElo "2153"]
[PlyCount "51"]
[EventDate "2012.10.14"]
[EventType "team-tourn"]
[EventRounds "11"]
[EventCountry "CZE"]
[SourceTitle "EXT 2016"]
[Source "ChessBase"]
[SourceDate "2015.10.08"]
[SourceVersion "1"]
[SourceVersionDate "2015.10.08"]
[SourceQuality "1"]
[WhiteTeam "Albrechtice"]
[BlackTeam "Dobra"]
[WhiteTeamCountry "CZE"]
[BlackTeamCountry "CZE"]

1. e4 c6 2. d4 d5 3. Nc3 dxe4 4. Nxe4 Nd7 5. Bc4 Ngf6 6. Nxf6+ Nxf6 7. Nf3 Bf5 8. 0-0 e6 9. Bf4 Bd6 10. Bg3 0-0 11. c3 Bg4 12. Be2 Bxg3 13. hxg3 Qb6 14. Qb3 Rfd8 15. Rfd1 Nd5 16. Kf1 a5 17. Qxb6 Nxb6 18. Ne5 Bxe2+ 19. Kxe2 Rd5 20. Nd3 Nd7 21. Rd2 e5 22. dxe5 Nxe5 23. Nxe5 Rxe5+ 24. Kf1 Kf8 25. Rad1 Rae8 26. f3 1/2-1/2

[Event "CZE-chT2F 1213"]
[Site "Czech Republic"]
[Date "2013.01.20"]
[Round "7.12"]
[White "Slanina, Miroslav"]
[Black "Mrva, Marek"]
[Result "0-1"]
[WhiteElo "2153"]
[BlackElo "2207"]
[PlyCount "72"]
[EventDate "2012.10.14"]
[EventType "team-tourn"]
[EventRounds "11"]
[EventCountry "CZE"]
[SourceTitle "EXT 2016"]
[Source "ChessBase"]
[SourceDate "2015.10.08"]
[SourceVersion "1"]
[SourceVersionDate "2015.10.08"]
[SourceQuality "1"]
[WhiteTeam "Dobra"]
[BlackTeam "Ostrava TJ Nova Hut"]
[WhiteTeamCountry "CZE"]
[BlackTeamCountry "CZE"]

1. d4 Nf6 2. Nf3 c5 3. c3 b6 4. Bf4 Bb7 5. e3 g6 6. h3 Bg7 7. Be2 0-0 8. Nbd2 d6 9. 0-0 Nbd7 10. a4 Re8 11. Bh2 a6 12. Qb3 Ra7 13. Bc4 d5 14. Be2 Bc6 15. Qc2 Qa8 16. b4 Ne4 17. a5 cxb4 18. cxb4 Nxd2 19. Qxd2 Bb5 20. Rfc1 Bf8 21. Ne5 bxa5 22. bxa5 Nxe5 23. Bxe5 Rb7 24. Rab1 Rc8 25. Rxc8 Qxc8 26. Bxb5 Rxb5 27. Rxb5 axb5 28. Qb2 Qa6 29. Bc7 e6 30. Bb6 b4 31. f3 Qd3 32. Kf2 b3 33. a6 Qc2+ 34. Qxc2 bxc2 35. a7 c1Q 36. a8Q Qb2+ 0-1

[Event "CZE-chT2F 1213"]
[Site "Czech Republic"]
[Date "2012.12.16"]
[Round "5.12"]
[White "Slanina, Miroslav"]
[Black "Karlik, Vladimir"]
[Result "0-1"]
[WhiteElo "2153"]
[BlackElo "2306"]
[PlyCount "58"]
[EventDate "2012.10.14"]
[EventType "team-tourn"]
[EventRounds "11"]
[EventCountry "CZE"]
[SourceTitle "EXT 2016"]
[Source "ChessBase"]
[SourceDate "2015.10.08"]
[SourceVersion "1"]
[SourceVersionDate "2015.10.08"]
[SourceQuality "1"]
[WhiteTeam "Dobra"]
[BlackTeam "Kromeriz Slavia II"]
[WhiteTeamCountry "CZE"]
[BlackTeamCountry "CZE"]

1. d4 g6 2. Nf3 Bg7 3. Bf4 d6 4. e3 Nd7 5. h3 e5 6. Bh2 Qe7 7. Be2 Ngf6 8. 0-0 0-0 9. c4 Ne4 10. Nbd2 Nxd2 11. Qxd2 b6 12. Rfd1 Bb7 13. d5 a5 14. Rab1 Nc5 15. b3 Bc8 16. a3 f5 17. b4 Ne4 18. Qc2 Bd7 19. Rdc1 axb4 20. axb4 Ra4 21. Nd2 Ng5 22. c5 Rfa8 23. cxd6 cxd6 24. Nc4 Rb8 25. Qb3 Ne4 26. Ra1 Rxa1 27. Rxa1 Bb5 28. Bf3 Qc7 29. Na3 Ra8 0-1

[Event "CZE-chT2F 1213"]
[Site "Czech Republic"]
[Date "2012.11.04"]
[Round "2.12"]
[White "Szotkowski, Jakub"]
[Black "Slanina, Miroslav"]
[Result "1/2-1/2"]
[WhiteElo "2131"]
[BlackElo "2153"]
[PlyCount "81"]
[EventDate "2012.10.14"]
[EventType "team-tourn"]
[EventRounds "11"]
[EventCountry "CZE"]
[SourceTitle "EXT 2016"]
[Source "ChessBase"]
[SourceDate "2015.10.08"]
[SourceVersion "1"]
[SourceVersionDate "2015.10.08"]
[SourceQuality "1"]
[WhiteTeam "Havirov Slovan"]
[BlackTeam "Dobra"]
[WhiteTeamCountry "CZE"]
[BlackTeamCountry "CZE"]

1. Nf3 Nf6 2. c4 g6 3. Nc3 Bg7 4. e4 d6 5. d4 0-0 6. Be2 e5 7. dxe5 dxe5 8. Qxd8 Rxd8 9. Bg5 Re8 10. 0-0-0 Na6 11. Ne1 Be6 12. f3 c6 13. Nc2 Nd7 14. g4 Nb6 15. b3 f6 16. Be3 Bf8 17. g5 fxg5 18. Bxg5 Be7 19. Be3 Rad8 20. a4 Nc5 21. Kb2 a5 22. Rxd8 Rxd8 23. Rd1 Rxd1 24. Nxd1 Nbd7 25. Nf2 Kf7 26. Bf1 Nf6 27. Ne1 Nh5 28. Ned3 Nd7 29. Bh3 Bxh3 30. Nxh3 Ng7 31. Kc3 Ne6 32. Nhf2 h5 33. Nh3 Kg7 34. Ng1 Kf7 35. Ne2 Bg5 36. Bf2 Be7 37. Kc2 Ng5 38. Ng1 Ne6 39. Kc3 Bd6 40. Ne2 Ng5 41. Ng1 1/2-1/2

[Event "CZE-chT2F 1112"]
[Site "Czech Republic"]
[Date "2012.03.04"]
[Round "9.32"]
[White "Rakus, Pavel"]
[Black "Slanina, Miroslav"]
[Result "1-0"]
[WhiteElo "2141"]
[BlackElo "2140"]
[PlyCount "74"]
[EventDate "2011.10.09"]
[EventType "team-tourn"]
[EventRounds "11"]
[EventCountry "CZE"]
[SourceTitle "EXT 2013"]
[Source "ChessBase"]
[SourceDate "2012.11.22"]
[SourceVersion "1"]
[SourceVersionDate "2012.11.22"]
[SourceQuality "1"]
[WhiteTeam "Dolni Benesov"]
[BlackTeam "Dobra"]
[WhiteTeamCountry "CZE"]
[BlackTeamCountry "CZE"]

1. Nf3 d5 2. g3 Nf6 3. Bg2 Bf5 4. 0-0 e6 5. c4 c6 6. b3 Be7 7. d4 Nbd7 8. Nbd2 Ne4 9. Bb2 0-0 10. e3 a5 11. a3 h6 12. Re1 Qb6 13. Rc1 Rfd8 14. Nxe4 Bxe4 15. Nd2 Bxg2 16. Kxg2 Nf6 17. Qc2 Rac8 18. c5 Qa6 19. Bc3 b5 20. b4 a4 21. f3 Nh7 22. e4 dxe4 23. fxe4 Qb7 24. Nf3 Bf6 25. Rcd1 Ng5 26. Qe2 Nxf3 27. Qxf3 Rd7 28. Rf1 Rf8 29. Qg4 Kh7 30. Rxf6 gxf6 31. d5 Rg8 32. Qf3 cxd5 33. Qxf6 dxe4 34. Rxd7 Qxd7 35. c6 Qa7 36. Bd4 Qc7 37. Be5 Qxc6 1-0

[Event "CZE-chT2F 1112"]
[Site "Czech Republic"]
[Date "2012.02.19"]
[Round "8.42"]
[White "Slanina, Miroslav"]
[Black "Beil, Zdenek"]
[Result "1/2-1/2"]
[WhiteElo "2140"]
[BlackElo "2256"]
[PlyCount "88"]
[EventDate "2011.10.09"]
[EventType "team-tourn"]
[EventRounds "11"]
[EventCountry "CZE"]
[SourceTitle "EXT 2013"]
[Source "ChessBase"]
[SourceDate "2012.11.22"]
[SourceVersion "1"]
[SourceVersionDate "2012.11.22"]
[SourceQuality "1"]
[WhiteTeam "Dobra"]
[BlackTeam "Olomouc"]
[WhiteTeamCountry "CZE"]
[BlackTeamCountry "CZE"]

1. d4 d5 2. Nf3 Nf6 3. Bf4 c6 4. c3 Qb6 5. Qb3 Bf5 6. e3 e6 7. h3 Be7 8. Be2 0-0 9. 0-0 Nfd7 10. Nbd2 c5 11. Qxb6 axb6 12. Ne5 f6 13. Nxd7 Nxd7 14. Bb5 e5 15. Bxd7 Bxd7 16. dxe5 Ra4 17. Nf3 Rfa8 18. a3 f5 19. Rfd1 Bc6 20. Rac1 h6 21. Ne1 g5 22. Bh2 Kf7 23. Rd2 Ke6 24. f4 g4 25. Bg3 Re4 26. Kf2 h5 27. h4 Rd8 28. Nc2 Ba4 29. Re1 Rd7 30. Kf1 Bb5+ 31. Kg1 Bd8 32. Bf2 Ba4 33. g3 Bc7 34. Kf1 Bb5+ 35. Kg1 Ba4 36. Rc1 Bxc2 37. Rcxc2 Ra4 38. Rd1 Rd8 39. Kf1 Rda8 40. Rcd2 Rd8 41. Rc1 Re8 42. Rcd1 Rd8 43. Rc2 Rda8 44. Kg2 Rd8 1/2-1/2